000 00845cab a2200241 4500
001 WB3311-48
008 090401t1997 xxu||||| |||| 00| 0 eng d
035 _a(Sirsi) u77074
041 _aeng
245 _aSolicitors` legal monopoly ends
260 _c1997
350 _a0
490 _aScottish Office News Release
_v(0346/97) 7 March 1997, (2)
520 _aThe Scottish Conveyancing and Executry Services Board is now open for registration from qualified conveyancers and executry practitioners, ending solicitors monopoly in providing legal services for property purchase.
650 _aLEGAL SERVICES
650 _aPROPERTY PURCHASE
650 _aSCOTLAND
650 _aSCOTTISH CONVEYANCING AND EXECUTRY SERVICES BOARD
650 _aSOLICITORS
690 _aPROPERTY LAW AND PRACTICE
942 _n0
948 _c13/03/1997
999 _c48440
_d48440